Straw boss : a novel /

Bibliographic Details
Main Author: Longstreet, Stephen, 1907-2002
Format: Book
Language:English
Published: New York : Putnam, [1978]

MARC

Tag First Indicator Second Indicator Subfields
LEADER 00000pam a2200000 i 4500
001 in00000063720
005 20170221103213.0
008 780316s1978 nyu 00011 eng
010 |a  78005258  
020 |a 039912196X 
035 |a (OCoLC)03770644 
035 |9 AAG2438AM 
040 |a DLC  |c DLC  |d TXA  |d UtOrBLW 
049 |a TXAM  |c [1159959] 
050 0 0 |a PZ3.L8662  |b Sv  |a PS3523.O486 
050 4 |a PS3523.O486  |b S77 1978 
090 |a PS3523.O486  |b S77 1978 
100 1 |a Longstreet, Stephen,  |d 1907-2002. 
245 1 0 |a Straw boss :  |b a novel /  |c by Stephen Longstreet. 
264 1 |a New York :  |b Putnam,  |c [1978] 
264 4 |c ©1978 
300 |a 408 pages ;  |c 23 cm. 
336 |a text  |b txt  |2 rdacontent 
337 |a unmediated  |b n  |2 rdamedia 
338 |a volume  |b nc  |2 rdacarrier 
999 |a MARS 
999 f f |s 6d30042c-7b8c-3c18-837e-f17adfbeb8ac  |i 5e95535f-5092-32bf-aaf0-fd2de18bc683  |t 0 
952 f f |p ric  |a Texas A&M University  |b Rellis Campus  |c Joint Library Facility  |d Remote Storage  |t 0  |e PS3523.O486 S77 1978  |h Library of Congress classification  |i unmediated -- volume  |m A14804254268 
998 f f |a PS3523.O486 S77 1978  |t 0  |l Remote Storage